Top 10 największych miast powierzchniowo w woj. Śląskim - Statystyki

Ogólne statystyki
  • Ten quiz został rozwiązany 123 razy
  • Średni wynik to 7 z 10
Statystyki odpowiedzi
Powierzchnia
(w km2)
Miasto % Poprawnych
164,54 Katowice
100%
133,85 Gliwice
91%
159,61 Częstochowa
87%
91,26 Sosnowiec
81%
124,93 Bielsko-Biała
79%
148,26 Rybnik
78%
187,81 Dąbrowa Górnicza
77%
152,20 Jaworzno
52%
89,80 Lubliniec
22%
110,26 Wisła
19%
Nie znaleziono quizów pasujących do podanych kryteriów
Rozkład punktacji
Procent ludzi z każdym wynikiem
Percentyl według liczby udzielonych odpowiedzi
Twoja historia wyników
Nie rozwiązałeś tego quizu